| 000 | 00439 a2200169 4500 | ||
|---|---|---|---|
| 003 | Nust | ||
| 005 | 20221206105037.0 | ||
| 040 | _cNust | ||
| 082 | _a530, MIT | ||
| 100 |
_aMitton, R. G. _9104195 |
||
| 245 |
_aMechanics and hydrostatics _cR. G. Mitton |
||
| 260 |
_aLondon _bJ M.Dent _c1945 |
||
| 300 | _a275:p | ||
| 505 | _aPart-1. Mechanics (Page-3), Part-2. Hydrostatics (Page-197). | ||
| 600 |
_aPhysics _9104196 |
||
| 942 |
_2ddc _cBK |
||
| 999 |
_c180562 _d180562 |
||